| Tag |
First Indicator |
Second Indicator |
Subfields |
| LEADER |
00000cam a2200000 i 4500 |
| 001 |
in00000037846 |
| 005 |
20151007080650.0 |
| 008 |
751201s1951 nyu b 00110 eng d |
| 035 |
|
|
|a (OCoLC)01866065
|
| 035 |
|
|
|9 AAF5177AM
|
| 040 |
|
|
|a BCT
|c BCT
|d TXA
|d UtOrBLW
|
| 049 |
|
|
|a TXAM
|c [195639]
|
| 090 |
|
|
|a BX4827.K5
|b M2 1951
|
| 092 |
|
|
|a 234.2
|b K47Ym
|
| 100 |
1 |
|
|a Martin, H. V.
|q (Harold Victor)
|
| 245 |
1 |
4 |
|a The wings of faith :
|b a consideration of the nature and meaning of Christian faith in the light of the work of Sren Kierkegaard /
|c by H. V. Martin.
|
| 264 |
|
1 |
|a New York :
|b Philosophical Library,
|c 1951.
|
| 300 |
|
|
|a 131 pages ;
|c 20 cm.
|
| 336 |
|
|
|a text
|b txt
|2 rdacontent
|
| 337 |
|
|
|a unmediated
|b n
|2 rdamedia
|
| 338 |
|
|
|a volume
|b nc
|2 rdacarrier
|
| 500 |
|
|
|a Includes indexes.
|
| 504 |
|
|
|a Bibliography: pages 11-12.
|
| 600 |
1 |
0 |
|a Kierkegaard, Søren,
|d 1813-1855.
|
| 999 |
|
|
|a MARS
|
| 999 |
f |
f |
|s 321ac0e0-bc5b-3efe-ac6e-b8c930d451eb
|i fe72492b-989e-3008-8d5a-a3967ef42390
|t 0
|
| 952 |
f |
f |
|p ric
|a Texas A&M University
|b Rellis Campus
|c Joint Library Facility
|d Remote Storage
|t 0
|e BX4827.K5 M2 1951
|h Library of Congress classification
|i unmediated -- volume
|m A14800608805
|
| 998 |
f |
f |
|a BX4827.K5 M2 1951
|t 0
|l Remote Storage
|